| 000 | 00365 a2200157 4500 | ||
|---|---|---|---|
| 001 | 18565 | ||
| 020 | _a9788466810418 | ||
| 040 | _cAnchieta - São Paulo/Itaigara | ||
| 100 | _aBentley, Marla | ||
| 240 | 1 | 0 |
_aOzzie and summer sun _lIng |
| 245 | 1 | 0 | _aOzzie and summer sun |
| 300 | _a24 | ||
| 362 | 0 | _a2009 | |
| 650 | 4 | _aLiteratura juvenil em inglês | |
| 942 | _cBK | ||
| 999 |
_c18565 _d18565 |
||